[Event "Druzynowe Mistrzostwa Polski Juniorow - II Liga"]
[Site "Iwonicz"]
[Date "2016-07-31"]
[Round "9.21"]
[White "Gawor, Jan Pawel"]
[Black "Nowak, Mikolaj"]
[Result "0-1"]
[WhiteTitle "II"]
[BlackTitle "I++"]
[WhiteElo "1647"]
[BlackElo "2091"]

1. e4 c6 2. d4 d5 3. Nc3 dxe4 4. Nxe4 Nf6 5. Nxf6+ gxf6 6. Nf3 Bg4 7. Be2 e6 8.
Be3 Nd7 9. c3 Bd6 10. Qc2 Qa5 11. a3 Bf5 12. Qd2 O-O-O 13. Nh4 Bg6 14. Nxg6 hxg6
15. h3 f5 16. Bf4 Bxf4 17. Qxf4 Qa4 18. O-O e5 19. Qd2 exd4 20. cxd4 Nf6 21. Rfd1
Qb3 22. Rac1 Qb6 23. Bf3 Kb8 24. b4 Nd5 25. Rc5 a6 26. Bxd5 Rxd5 27. Rxd5 cxd5
28. Qf4+ Qc7 29. Qxc7+ Kxc7 30. f3 Kb6 31. Rc1 Rh4 32. Rd1 Kb5 33. Kf2 Kc4 34.
Ke3 f4+ 35. Ke2 Rh8 36. Rc1+ Kxd4 37. Rc7 Re8+ 38. Kd2 f6 39. Rf7 Re6 40. Rxb7
Re3 41. Rb6 Rxa3 42. Rxf6 Ra2+ 43. Ke1 Rxg2 44. Rxa6 g5 45. b5 Rb2 46. Rg6 Rxb5
47. Rxg5 Ke5 48. Rxe5 0-1

[Event "Druzynowe Mistrzostwa Polski Juniorow - II Liga"]
[Site "Iwonicz"]
[Date "2016-07-31"]
[Round "9.22"]
[White "Klimkowski, Jan"]
[Black "Krawczyk, Wojciech"]
[Result "1/2-1/2"]
[WhiteTitle "II"]
[BlackTitle "II+"]
[WhiteElo "1443"]
[BlackElo "1476"]

1. e4 c5 2. Nf3 d6 3. d4 cxd4 4. Nxd4 Nf6 5. Nc3 a6 6. Bg5 h6 7. Bh4 Nc6 8. Qd2
Bd7 9. f3 Qc7 10. Bxf6 gxf6 11. Nd5 Qd8 12. Bc4 e6 13. Ne3 Qb6 14. O-O-O h5 15.
Kb1 O-O-O 16. Nxc6 Bxc6 17. Qd4 Qxd4 18. Rxd4 Rg8 19. g3 Bh6 20. Nd1 Bg7 21. Rd3
Kc7 22. Nc3 Rd7 23. Rhd1 Bh6 24. Bb3 Rb8 25. Ne2 Rbd8 26. Nd4 Rb8 27. Rc3 Kb6
28. Nxc6 bxc6 29. Ba4 Rc8 30. Rcd3 Kc7 31. Rc3 Kb6 32. Rcd3 Kc7 33. Rc3 Kb6 34.
Rcd3 Kc7 35. Rc3 1/2-1/2

[Event "Druzynowe Mistrzostwa Polski Juniorow - II Liga"]
[Site "Iwonicz"]
[Date "2016-07-31"]
[Round "9.23"]
[White "Debowska, Michalina"]
[Black "Dwilewicz, Katarzyna"]
[Result "0-1"]
[WhiteTitle "II+"]
[BlackTitle "I++"]
[WhiteElo "1432"]
[BlackElo "1786"]

1. e4 c5 2. Nf3 e6 3. d4 cxd4 4. Nxd4 Nc6 5. Nc3 Qc7 6. Be2 a6 7. O-O Nf6 8. Bg5
Be7 9. Qd2 d6 10. Rad1 Ne5 11. Nb3 b5 12. Bxf6 gxf6 13. a3 Bb7 14. Kh1 h5 15.
f3 O-O-O 16. Qe3 Nc4 17. Bxc4 bxc4 18. Nc1 Kb8 19. Rfe1 Rhg8 20. N1e2 Rg5 21.
Rd2 Qc5 22. Qxc5 Rxc5 23. Red1 Bf8 24. Na4 Rc7 25. Nec3 Ka7 26. Kg1 Rb8 27. Rd4
Bc8 28. Kf2 Bd7 29. g3 Bb5 30. Kg2 Be7 31. Kf2 Bxa4 32. Nxa4 Rb5 33. R1d2 Ra5
34. b3 e5 35. Rd5 Rxd5 36. exd5 cxb3 37. cxb3 f5 38. Ke3 Rc1 39. Nb2 e4 40. Ke2
Rc3 41. fxe4 fxe4 42. Nc4 f5 43. Rb2 Rf3 44. Rc2 Kb8 45. Ne3 Bg5 46. Rc3 Bf6 47.
Rc2 Bd4 48. Nd1 Rxb3 49. Rd2 Bc5 50. a4 Ra3 51. Nb2 Re3+ 52. Kd1 Rc3 53. Rc2 Rxc2
54. Kxc2 Bg1 55. Nc4 Kc7 56. h3 Bf2 57. Kd2 Bxg3 58. Ke2 Be5 59. Ke3 Kd7 60. Nb6+
Ke7 61. Nc4 Kf6 62. h4 Bg3 63. a5 Bxh4 64. Nxd6 Ke5 65. Nc4+ Kxd5 66. Nb6+ Kc5
67. Nd7+ Kb5 68. Ne5 Bg5+ 69. Ke2 Kxa5 0-1

[Event "Druzynowe Mistrzostwa Polski Juniorow - II Liga"]
[Site "Iwonicz"]
[Date "2016-07-31"]
[Round "9.24"]
[White "Waligora, Julia"]
[Black "Budkiewicz, Magdalena"]
[Result "0-1"]
[WhiteTitle "I"]
[BlackTitle "I"]
[WhiteElo "1349"]
[BlackElo "1651"]

1. e4 c5 2. Nf3 d6 3. d4 cxd4 4. Nxd4 Nf6 5. Nc3 a6 6. Bg5 e6 7. f4 Be7 8. Qf3
Qc7 9. O-O-O h6 10. Bh4 Nc6 11. Bf2 Nxd4 12. Bxd4 e5 13. Be3 O-O 14. h3 b5 15.
Bd3 Bb7 16. Rhe1 b4 17. Ne2 d5 18. exd5 Bxd5 19. Qg3 e4 20. Kb1 exd3 21. Rxd3
Be4 22. Rd2 b3 23. axb3 Bb4 24. Nc3 Bxc3 25. bxc3 Qxc3 26. Qf2 Qxb3+ 27. Kc1 Qa2
28. Bd4 Rab8 29. Kd1 Rb1+ 30. Ke2 Qc4+ 31. Ke3 Re8 32. Be5 Nd5+ 33. Rxd5 Rxe1+
34. Qxe1 Bxd5 35. Kf2 Qxc2+ 0-1

[Event "Druzynowe Mistrzostwa Polski Juniorow - II Liga"]
[Site "Iwonicz"]
[Date "2016-07-31"]
[Round "9.25"]
[White "Pasieka, Marcin"]
[Black "Adamczewski, Maciej"]
[Result "0-1"]
[WhiteTitle "I"]
[BlackTitle "I++"]
[WhiteElo "1768"]
[BlackElo "1979"]

1. e4 c5 2. Nf3 Nc6 3. d4 cxd4 4. Nxd4 e6 5. Nxc6 bxc6 6. Bd3 Nf6 7. O-O e5 8.
Qe2 d6 9. c4 Be7 10. Nc3 O-O 11. Kh1 Nd7 12. Be3 Bg5 13. Rad1 Bxe3 14. Qxe3 Qe7
15. Rd2 Nc5 16. Rfd1 Bb7 17. Be2 Rfd8 18. Bg4 a5 19. b3 Rab8 20. Ne2 g6 21. Nc3
Kg7 22. Bh3 Qf6 23. Kg1 Ba6 24. Rb1 Rb4 25. Rdb2 Rdb8 26. Qd2 Qe7 27. Rd1 Rd8
28. Rdb1 Qb7 29. Qc2 Rb8 30. Qd1 Rd8 31. a3 Rb6 32. b4 Bxc4 33. Na4 Nxa4 34. Qxa4
Bd3 35. Rc1 Bxe4 36. Re2 Bd5 37. bxa5 Ra8 38. Qc2 Rxa5 39. f4 Rc5 0-1

[Event "Druzynowe Mistrzostwa Polski Juniorow - II Liga"]
[Site "Iwonicz"]
[Date "2016-07-31"]
[Round "9.26"]
[White "Janiszewski, Filip"]
[Black "Kupiecki, Szymon"]
[Result "1-0"]
[WhiteTitle "I+"]
[BlackTitle "II"]
[WhiteElo "1996"]
[BlackElo "1432"]

1. e4 e5 2. Nf3 Nc6 3. Bb5 Nd4 4. Bc4 Nxf3+ 5. Qxf3 Qf6 6. Qxf6 Nxf6 7. d3 Bc5
8. Bg5 d6 9. O-O O-O 10. Nd2 Kh8 11. h3 Be6 12. c3 Nd7 13. g4 Bxc4 14. Nxc4 f6
15. Bd2 g5 16. b4 Bb6 17. a4 a6 18. Rfb1 Ba7 19. Na5 Rab8 20. Kf1 Bb6 21. Nc4
Ba7 22. b5 Nb6 23. Ne3 Nd7 24. Nf5 Nc5 25. Ke2 Ne6 26. h4 a5 27. Rh1 Rf7 28. hxg5
fxg5 29. Rh6 Nf4+ 30. Bxf4 gxf4 31. Rah1 Bc5 32. g5 1-0

[Event "Druzynowe Mistrzostwa Polski Juniorow - II Liga"]
[Site "Iwonicz"]
[Date "2016-07-31"]
[Round "9.27"]
[White "Niedbala, Bartlomiej"]
[Black "Skurniak, Szymon"]
[Result "1-0"]
[WhiteTitle "I"]
[BlackTitle "I"]
[WhiteElo "1626"]
[BlackElo "1603"]

1. d4 d5 2. Nf3 Nf6 3. Bf4 c5 4. e3 Qb6 5. Qc1 Bf5 6. c3 e6 7. Nh4 Bg6 8. Nxg6
hxg6 9. Nd2 Nc6 10. Bd3 Rc8 11. Qb1 cxd4 12. exd4 Be7 13. Nf3 Nh5 14. Be5 Nxe5
15. Nxe5 Nf4 16. g3 Nxd3+ 17. Nxd3 a5 18. Qc1 Bf6 19. Qd2 Qb5 20. O-O O-O 21.
f4 Qc4 22. g4 b5 23. g5 Be7 24. Ne5 Qc7 25. Rf3 b4 26. Qf2 bxc3 27. bxc3 f6 28.
Nxg6 Rfe8 29. Qh4 Ba3 30. gxf6 Kf7 31. Ne5+ Rh8 1-0

[Event "Druzynowe Mistrzostwa Polski Juniorow - II Liga"]
[Site "Iwonicz"]
[Date "2016-07-31"]
[Round "9.28"]
[White "Ochedzan, Tymon"]
[Black "Lichorad, Mateusz"]
[Result "1-0"]
[WhiteTitle "II+"]
[BlackTitle "II"]
[WhiteElo "1636"]
[BlackElo "1594"]

1. e4 e6 2. d4 d5 3. Nc3 dxe4 4. Nxe4 Nd7 5. Nf3 Ngf6 6. Bd3 Be7 7. O-O O-O 8.
Ng3 c5 9. c3 cxd4 10. Nxd4 Nb6 11. Nge2 Bd7 12. Bg5 Rc8 13. b3 Nbd5 14. Rc1 h6
15. Bh4 Qa5 16. Qd2 Rfd8 17. Bg3 b5 18. Rfd1 Qb6 19. c4 bxc4 20. Bxc4 Ne4 21.
Qb2 Nxg3 22. Nxg3 Bf6 23. Nge2 Bc6 24. Qa3 Bb7 25. Rc2 Nb4 26. Rcc1 Bg5 27. Ra1
e5 28. Ne6 Nc2 29. Qb2 Nxa1 30. Nxd8 Rxd8 31. Qxa1 Qc6 32. Rxd8+ Bxd8 33. Qf1
Bb6 34. Nc3 Bd4 35. Nd5 Qd6 36. Ne3 Qc5 37. Qe2 Kf8 38. Qd2 Bxe3 39. Qd4 1-0

[Event "Druzynowe Mistrzostwa Polski Juniorow - II Liga"]
[Site "Iwonicz"]
[Date "2016-07-31"]
[Round "9.29"]
[White "Kotula, Magdalena"]
[Black "Wawrzyniak, Weronika"]
[Result "1/2-1/2"]
[WhiteTitle "I+"]
[BlackTitle "I"]
[WhiteElo "1567"]
[BlackElo "1322"]

1. e4 e6 2. d4 d5 3. Nd2 c5 4. exd5 exd5 5. Ngf3 Nf6 6. dxc5 Bxc5 7. Nb3 Be7 8.
Bd3 O-O 9. O-O Bg4 10. h3 Bh5 11. Bf4 Nc6 12. c3 Qd7 13. Re1 Rfe8 14. Re3 Rad8
15. Qc2 Bg6 16. Bxg6 hxg6 17. Ne5 Nxe5 18. Bxe5 Ne4 19. Bd4 b6 20. Rd1 Qc6 21.
Nc1 Nd6 22. Rf3 Nf5 23. Ne2 a5 24. Ng3 Nxd4 25. Rxd4 Bf6 26. Rd2 d4 27. cxd4 Qxc2
28. Rxc2 Bxd4 29. Ne2 Bc5 30. Nf4 Re1+ 31. Kh2 Bd6 32. g3 Rde8 33. Nd3 R1e6 34.
Kg2 b5 35. Rd2 Re2 36. Rxe2 Rxe2 37. Kf1 Rc2 38. Ke1 Be7 39. Kd1 Rc8 40. Re3 Bf6
41. b3 Kf8 42. Ne5 Rd8+ 43. Ke2 Rd6 44. f4 g5 45. Rd3 Rxd3 46. Nxd3 gxf4 47. Nxf4
g5 48. Nd5 Bd8 49. Kd3 Ke8 50. Nc3 b4 51. Nb5 Kd7 52. Nd4 Kd6 53. Nf5+ Ke5 54.
Ne3 f5 55. Nc4+ Kd5 56. Ke3 Bc7 57. h4 gxh4 58. gxh4 Ke6 59. Kf3 Kf6 60. Ne3 Kg6
61. h5+ Kxh5 62. Nxf5 Kg6 63. Ke4 Kf6 64. Nd4 Ke7 65. Kd5 Bb6 66. Nc6+ Kd7 67.
Ne5+ Kc7 68. Nc4 Kb7 69. Nd6+ Kc7 70. Nc4 Kb7 71. Ne5 Bc7 72. Nd7 Bb6 73. Nc5+
Kc7 74. Na4 Kb7 75. Nc5+ Kc7 76. a3 1/2-1/2

[Event "Druzynowe Mistrzostwa Polski Juniorow - II Liga"]
[Site "Iwonicz"]
[Date "2016-07-31"]
[Round "9.30"]
[White "Barwinska, Ewa"]
[Black "Hertlein, Irena"]
[Result "0-1"]
[WhiteTitle "II+"]
[BlackTitle "I"]
[WhiteElo "1239"]
[BlackElo "1488"]

1. e4 d5 2. exd5 Qxd5 3. Nc3 Qd6 4. d4 Nf6 5. Nf3 c6 6. Ne5 Nbd7 7. Nc4 Qc7 8.
Qf3 Nb6 9. Bf4 Qd7 10. O-O-O Qg4 11. Qg3 Nh5 12. Qxg4 Bxg4 13. f3 Bxf3 14. gxf3
Nxf4 15. Re1 O-O-O 16. Re4 Ne6 17. Nxb6+ axb6 18. Bh3 Kc7 19. Bxe6 fxe6 20. Rd1
Rd6 21. h4 g6 22. Ne2 Bh6+ 23. Kb1 Rhd8 24. c3 Bg7 25. Rf4 Bf6 26. Re4 e5 27.
Re1 exd4 28. Nxd4 e5 29. Nb3 Rd1+ 30. Kc2 Rxe1 31. Rxe1 Bxh4 32. Rxe5 Rf8 33.
Nd4 Kb8 34. Re4 Bf2 35. Re7 Bxd4 36. cxd4 Rxf3 37. Rxh7 g5 38. Rg7 Rg3 39. Rg8+
Kc7 40. Rg7+ Kb8 41. Kd2 g4 42. b3 Rg2+ 43. Kd3 g3 44. Kc4 Rg1 45. Kd3 g2 46.
Ke2 Ra1 47. Rxg2 Rxa2+ 48. Kf3 Rxg2 49. Kxg2 Kc7 50. Kf3 Kd6 51. Ke4 Ke6 52. b4
b5 53. Kd3 Kd5 54. Kc3 Ke4 55. d5 cxd5 0-1

[Event "Druzynowe Mistrzostwa Polski Juniorow - II Liga"]
[Site "Iwonicz"]
[Date "2016-07-31"]
[Round "9.31"]
[White "Brozyna, Mateusz"]
[Black "Czerniawski, Krzysztof"]
[Result "1/2-1/2"]
[WhiteTitle "I"]
[BlackTitle "I"]
[WhiteElo "1831"]
[BlackElo "1904"]

1. d4 Nf6 2. c4 c5 3. d5 b5 4. cxb5 a6 5. bxa6 Bxa6 6. Nc3 d6 7. Nf3 g6 8. e4 Bxf1
9. Kxf1 Bg7 10. g3 O-O 11. Kg2 Nbd7 12. a4 Qb6 13. Qc2 Rfb8 14. Nb5 Ne8 15. Rb1
Nc7 16. Nxc7 Qxc7 17. b3 Qb7 18. Bd2 Ra6 19. Bc3 Bxc3 20. Qxc3 Rb6 21. Nd2 Rb4
22. h4 Nf6 23. Rhe1 Rd4 24. Qc2 Qa6 25. Re3 Ng4 26. Ree1 Ne5 27. Nf3 Nxf3 28.
Kxf3 Rdb4 29. Re3 c4 30. Rc3 cxb3 31. Rcxb3 Qxa4 32. Rxb4 Qxc2 33. Rxb8+ Kg7 34.
R1b3 f5 35. Re3 Qd1+ 36. Kg2 fxe4 37. Rb4 Qxd5 38. Rbxe4 e5 39. Kh2 h5 40. Re2
Kf6 41. f4 1/2-1/2

[Event "Druzynowe Mistrzostwa Polski Juniorow - II Liga"]
[Site "Iwonicz"]
[Date "2016-07-31"]
[Round "9.32"]
[White "Fudalej, Slawomir"]
[Black "Piwowarczyk, Arkadiusz"]
[Result "1/2-1/2"]
[WhiteTitle "I"]
[BlackTitle "II"]
[WhiteElo "1597"]
[BlackElo "1568"]

1. e4 e5 2. Nc3 Bc5 3. Nf3 d6 4. Na4 Bb6 5. Nxb6 axb6 6. d4 exd4 7. Nxd4 Nc6 8.
Be3 h6 9. f4 Nf6 10. Nxc6 bxc6 11. Qf3 Bd7 12. Bd3 Qe7 13. h3 Kf8 14. a3 Re8 15.
O-O-O Nxe4 16. Rde1 d5 17. f5 Qf6 18. g4 g5 19. h4 d4 20. Bxd4 Qxd4 21. Rxe4 Rxe4
22. Bxe4 Qf6 23. Rd1 Be8 24. h5 Kg7 25. Rd3 c5 26. Qg3 Bb5 27. Rd1 Re8 28. Bd5
Qe5 29. Qxe5+ Rxe5 30. c4 Ba4 31. Rf1 Kf6 32. Kd2 Re8 33. Kd3 Rd8 34. Kc3 Re8
35. Kd3 Re5 36. Rb1 Bb3 37. Rc1 Ba4 38. Rb1 Bb3 1/2-1/2

[Event "Druzynowe Mistrzostwa Polski Juniorow - II Liga"]
[Site "Iwonicz"]
[Date "2016-07-31"]
[Round "9.33"]
[White "Suder, Jakub"]
[Black "Maciak, Jakub"]
[Result "1-0"]
[WhiteTitle "I"]
[BlackTitle "II"]
[WhiteElo "1751"]
[BlackElo "1582"]

1. d4 Nf6 2. Nf3 d5 3. e3 e6 4. Bd3 Bd6 5. O-O O-O 6. b3 Nbd7 7. Bb2 c6 8. Nbd2
Re8 9. Ne5 c5 10. f4 b6 11. Qf3 Bb7 12. Qh3 Ne4 13. Nxe4 dxe4 14. Bb5 Re7 15.
Nxd7 Rxd7 16. Bxd7 Qxd7 17. Rfd1 cxd4 18. Rxd4 Qc7 19. Qg3 g6 20. Rad1 Bf8 21.
c4 Bc6 22. R4d2 Bg7 23. Bxg7 Kxg7 24. Rd6 f6 25. Rxe6 Rd8 26. Qe1 Bb7 27. Rxd8
Qxd8 28. Qb4 Qd1+ 29. Kf2 Qc2+ 30. Kg3 Qc1 31. Kf2 Qc2+ 32. Kg3 Qc1 33. Qe7+ Kh6
34. Qxf6 Qxe3+ 35. Kh4 Qf2+ 36. Kh3 Qe3+ 37. g3 Bc8 38. Qf8+ Kh5 39. Qxc8 h6 40.
Re5+ g5 41. Qe8# 1-0

[Event "Druzynowe Mistrzostwa Polski Juniorow - II Liga"]
[Site "Iwonicz"]
[Date "2016-07-31"]
[Round "9.35"]
[White "Kasperek, Kinga"]
[Black "Wilant, Marta"]
[Result "1-0"]
[WhiteTitle "I"]
[BlackTitle "II"]
[WhiteElo "1585"]
[BlackElo "1306"]

1. d4 d5 2. c4 e6 3. Nc3 Nf6 4. cxd5 exd5 5. Bg5 Be7 6. e3 c6 7. Bd3 O-O 8. Qc2
h6 9. Bf4 Bd6 10. Bg3 Ne8 11. Nf3 Nd7 12. O-O-O b5 13. Kb1 Nb6 14. Bxd6 Qxd6 15.
Ne5 Nc4 16. Nxc4 bxc4 17. Be2 Nc7 18. Bf3 Be6 19. g4 g6 20. Be2 Rfb8 21. f4 Nb5
22. Ka1 a5 23. Na4 Kg7 24. f5 Bd7 25. e4 Qb4 26. e5 Ra7 27. Rhf1 Rf8 28. a3 Nxa3
29. bxa3 Qxa3+ 30. Qa2 Qxa2+ 31. Kxa2 Rb8 32. f6+ Kg8 33. Rb1 Rb4 34. Nc5 Bc8
35. h3 Ra8 36. Rb2 Rab8 37. Rfb1 c3 38. Rxb4 axb4 39. Kb3 Ra8 40. Re1 c2 41. Na4
Ba6 42. Bxa6 Rxa6 43. Rc1 Kf8 44. Rxc2 Ke8 45. Kxb4 Ra8 46. Rxc6 Rb8+ 47. Rb6
Rc8 48. Nc3 1-0

[Event "Druzynowe Mistrzostwa Polski Juniorow - II Liga"]
[Site "Iwonicz"]
[Date "2016-07-31"]
[Round "9.36"]
[White "Raczykowska, Paulina"]
[Black "Laszczuk, Zuzanna"]
[Result "1-0"]
[WhiteTitle "I+"]
[BlackTitle "I"]
[WhiteElo "1679"]
[BlackElo "1043"]

1. e4 e5 2. Nf3 Nc6 3. d4 exd4 4. Nxd4 Bc5 5. Nb3 Bb6 6. Nc3 a6 7. Nd5 Ba7 8. Qg4
g6 9. Qg3 d6 10. Bg5 f6 11. Qc3 h6 12. Nxf6+ Kf7 13. Bc4+ Be6 14. Bxe6+ Kxe6 15.
Qc4+ Ke7 16. Nxg8+ Kf8 17. Bxd8 Rxd8 18. Nf6 Bb6 19. O-O-O Ne5 20. Qe6 h5 21.
Nd5 Rh7 22. Nxb6 cxb6 23. Rxd6 Re8 24. Qf6+ Kg8 25. Rd8 Rhe7 26. Qxe7 Rxd8 27.
Qxd8+ Kh7 28. Qe7+ Kg8 29. Qxe5 Kf7 30. Rd1 b5 31. Rd7+ Kf8 32. Qh8# 1-0

[Event "Druzynowe Mistrzostwa Polski Juniorow - II Liga"]
[Site "Iwonicz"]
[Date "2016-07-31"]
[Round "9.37"]
[White "Zarnowski, Krzysztof"]
[Black "Krawiec, Grzegorz"]
[Result "1-0"]
[WhiteTitle "I++"]
[BlackTitle "I"]
[WhiteElo "2034"]
[BlackElo "1791"]

1. d4 Nf6 2. c4 e6 3. Nf3 b6 4. g3 Bb7 5. Bg2 d5 6. O-O Nbd7 7. Nc3 Be7 8. Ne5
c6 9. Qa4 Nxe5 10. dxe5 Nd7 11. cxd5 exd5 12. Qg4 Nxe5 13. Qxg7 Bf6 14. Qh6 Qe7
15. e4 d4 16. Ne2 Ba6 17. Nxd4 Bxf1 18. Nf5 Qd8 19. Bxf1 Ng4 20. Qf4 Qd1 21. Nd6+
Ke7 22. Nf5+ Ke8 23. Ne3 Nxe3 24. Bxe3 Qxa1 25. Qxf6 Rg8 26. Qxc6+ Ke7 27. Qc7+
Ke6 28. Kg2 Qd1 29. Bc4+ Kf6 30. Qxf7+ Ke5 31. Qe6# 1-0

[Event "Druzynowe Mistrzostwa Polski Juniorow - II Liga"]
[Site "Iwonicz"]
[Date "2016-07-31"]
[Round "9.38"]
[White "Karykowska, Anna"]
[Black "Kozubal, Aleksandra"]
[Result "0-1"]
[WhiteTitle "I++"]
[BlackTitle "I++"]
[WhiteElo "1818"]
[BlackElo "1687"]

1. e4 c5 2. Nf3 e6 3. d4 cxd4 4. Nxd4 a6 5. Nc3 Qc7 6. g3 Nf6 7. Bg2 Nc6 8. Be3
Be7 9. O-O O-O 10. a4 d6 11. Nxc6 bxc6 12. a5 d5 13. f4 Rb8 14. Bb6 Rxb6 15. axb6
Qxb6+ 16. Kh1 Qxb2 17. Na4 Qb4 18. c3 Qb8 19. e5 Nd7 20. c4 Bb4 21. Rb1 a5 22.
cxd5 cxd5 23. Nc3 Ba6 24. Rf2 Qa7 25. Rc2 Nc5 26. Ra1 Nd3 27. Na2 Bc5 28. Nc1
Nf2+ 29. Rxf2 Bxf2 30. Rxa5 Qb6 31. Ra2 Bc4 32. Rc2 Rb8 33. Qf3 Be3 34. h4 Qb1
35. Rxc4 Bxc1 36. Rc7 Be3+ 37. Kh2 Qb6 38. Rc2 g6 39. h5 Bc5 40. h6 Bf8 41. f5
Qb1 42. Qd3 Bxh6 43. fxe6 fxe6 44. Bxd5 exd5 45. Qxd5+ Kh8 46. Re2 Qf5 47. Qc4
Rf8 48. e6 Re8 49. e7 Bg7 50. g4 Be5+ 51. Kg1 Qf4 52. Qc6 Qxg4+ 53. Kf1 Rxe7 54.
Qa8+ Kg7 55. Rf2 Qh3+ 0-1

[Event "Druzynowe Mistrzostwa Polski Juniorow - II Liga"]
[Site "Iwonicz"]
[Date "2016-07-31"]
[Round "9.40"]
[White "Lewandowski, Wiktor"]
[Black "Tomkiewicz, Szymon"]
[Result "1-0"]
[WhiteTitle "II"]
[BlackTitle "II"]
[WhiteElo "1406"]
[BlackElo "1268"]

1. e4 e5 2. Nf3 Nc6 3. Nc3 Bc5 4. Nxe5 Nxe5 5. d4 Bd6 6. dxe5 Bxe5 7. Bd2 Nf6 8.
Bd3 O-O 9. O-O d6 10. h3 Be6 11. f4 Bd4+ 12. Kh1 d5 13. e5 Ne8 14. f5 Bc8 15.
Qe2 c6 16. Rf4 Bxc3 17. Bxc3 Nc7 18. Raf1 Bd7 19. e6 fxe6 20. Qe5 Ne8 21. fxe6
Rxf4 22. Qxf4 Nc7 23. Qf7+ Kh8 24. Bxg7# 1-0

[Event "Druzynowe Mistrzostwa Polski Juniorow - II Liga"]
[Site "Iwonicz"]
[Date "2016-07-31"]
[Round "9.41"]
[White "Jurkiewicz, Zuzanna"]
[Black "Maciak, Gabriela"]
[Result "1-0"]
[WhiteTitle "I+"]
[BlackTitle "I"]
[WhiteElo "1657"]
[BlackElo "1492"]

1. d4 d5 2. c4 c6 3. Nf3 Bg4 4. Ne5 Bh5 5. Qb3 Qc7 6. cxd5 cxd5 7. Nc3 e6 8. Bf4
Qb6 9. Nb5 Qa5+ 10. Bd2 Qb6 11. Qa4 Nc6 12. Rc1 f6 13. Nxc6 bxc6 14. Nc7+ Kd7
15. Nxa8 Qb7 16. b4 a6 17. e3 Qxa8 18. Bxa6 Ne7 19. b5 Be8 20. Bb4 e5 21. O-O
Ke6 22. Bxe7 Bxe7 23. bxc6 e4 24. Qb5 Bd6 25. Qb7 Qxb7 26. Bxb7 Bc7 27. a4 Kd6
28. Rc5 Bb6 29. Rb5 Kc7 30. a5 Ba7 31. Rc1 Bf7 32. Ba6 Rb8 33. Rb7+ Rxb7 34. cxb7+
Kd6 35. Rc8 1-0

[Event "Druzynowe Mistrzostwa Polski Juniorow - II Liga"]
[Site "Iwonicz"]
[Date "2016-07-31"]
[Round "9.42"]
[White "Lascar, Maria Elena"]
[Black "Mazurek, Maja"]
[Result "1-0"]
[WhiteTitle "I+"]
[BlackTitle "II"]
[WhiteElo "1475"]
[BlackElo "1103"]

1. e4 e5 2. Nf3 d6 3. d4 Be7 4. dxe5 dxe5 5. Qxd8+ Bxd8 6. Nxe5 Nf6 7. f3 O-O 8.
Be2 Re8 9. Nd3 Nc6 10. c3 b6 11. O-O Bb7 12. g4 Be7 13. Bf4 Rac8 14. Rd1 Ba6 15.
Nd2 Bc5+ 16. Kf1 Be7 17. Nb3 Red8 18. Nf2 Bxe2+ 19. Kxe2 Re8 20. Nd4 Nxd4+ 21.
cxd4 c5 22. d5 Rcd8 23. Kf1 Bf8 24. h4 g6 25. g5 Nh5 26. Bh2 Bg7 27. Rab1 Rf8
28. e5 Rfe8 29. f4 Rd7 30. Ng4 Red8 31. d6 Kf8 32. Nf6 Bxf6 33. gxf6 Ke8 34. Kf2
Rb7 35. Kf3 Kd7 36. Kg4 Ke6 37. b3 Rc8 38. Bg1 c4 39. Rbc1 c3 40. Rd3 c2 41. Rd2
Rc3 42. Bf2 Rb8 43. Rdxc2 Rd3 44. Rc7 Rd2 45. R1c2 Rxc2 46. Rxc2 Rd8 47. Rc7 Ra8
48. Re7+ Kd5 49. Rxf7 Ke4 50. Bg3 Rc8 51. Rc7 Rd8 52. Rxa7 Kd5 53. Bh2 Ke6 54.
Kg5 Rh8 55. Kh6 Kf5 56. Rxh7 Rc8 57. f7 Rf8 58. Bg1 b5 59. Bc5 Ke6 60. d7 Rd8
61. f8=Q Rxf8 62. Bxf8 1-0

[Event "Druzynowe Mistrzostwa Polski Juniorow - II Liga"]
[Site "Iwonicz"]
[Date "2016-07-31"]
[Round "9.43"]
[White "Hladun, Bartlomiej"]
[Black "Klepek, Witold"]
[Result "0-1"]
[WhiteTitle "II"]
[BlackTitle "k"]
[WhiteElo "1469"]
[BlackElo "2139"]

1. Nf3 Nf6 2. c4 c5 3. Nc3 e6 4. d4 cxd4 5. Nxd4 Nc6 6. Nc2 Be7 7. e4 d6 8. Be2
b6 9. O-O Bb7 10. Be3 Rc8 11. Na3 O-O 12. f3 a6 13. Qd2 Qc7 14. Rfd1 Rfd8 15.
Rac1 Ne5 16. h3 Ned7 17. Qe1 Qb8 18. Rc2 Bc6 19. Kh1 Qb7 20. Rcd2 Ne5 21. Qf2
Rb8 22. Bf4 Qc7 23. Qg1 Nh5 24. Be3 Ng3+ 25. Kh2 Nxe2 26. Nxe2 d5 27. Bf4 dxe4
28. fxe4 Bc5 29. Qe1 f6 30. Nc2 Rxd2 31. Rxd2 Bxe4 32. a3 Bd6 33. Kh1 Nxc4 34.
Bxd6 Nxd6 35. Nc3 f5 36. Nb4 Rd8 37. Nxa6 Qc4 38. Nb4 Nb7 39. Rxd8+ Nxd8 40. Nxe4
fxe4 41. Qd2 Nc6 42. Qd7 Qf1+ 43. Kh2 Nxb4 44. Qe8+ Qf8 45. Qxe6+ Kh8 46. axb4
Qf4+ 47. Kg1 h6 48. Qxb6 Qc1+ 49. Kh2 Qf4+ 50. Kg1 Qc1+ 51. Kh2 Qxb2 52. Qe3 Qxb4
53. Kg3 Qd6+ 54. Kf2 Qe5 55. Qb3 Kh7 56. Qe3 Kg6 57. Qb3 Kf5 58. Qf7+ Kg5 59.
Ke3 Kh4 60. Qf8 Qg3+ 61. Kxe4 Qxg2+ 62. Ke5 Kxh3 63. Qf5+ Kh4 64. Qf4+ Kh5 65.
Ke6 g5 66. Qf7+ Kh4 67. Ke5 h5 68. Kd4 g4 69. Ke3 Qg3+ 70. Ke2 Qh2+ 71. Kf1 Qh1+
72. Ke2 Qe4+ 73. Kf2 g3+ 74. Kf1 Qd3+ 75. Kg1 Qd1+ 76. Kg2 Qe2+ 77. Kg1 Qh2+ 78.
Kf1 g2+ 79. Ke2 g1=Q+ 0-1

[Event "Druzynowe Mistrzostwa Polski Juniorow - II Liga"]
[Site "Iwonicz"]
[Date "2016-07-31"]
[Round "9.44"]
[White "Piela, Dominik"]
[Black "Pawletko, Szymon"]
[Result "0-1"]
[WhiteTitle "I"]
[BlackTitle "II+"]
[WhiteElo "1656"]
[BlackElo "1543"]

1. e4 c5 2. Nf3 d6 3. d4 cxd4 4. Nxd4 Nf6 5. Nc3 g6 6. Be3 Bg7 7. f3 O-O 8. Bc4
Nc6 9. Qd2 Bd7 10. O-O-O Rc8 11. g4 Nxd4 12. Bxf7+ Rxf7 13. Bxd4 Qa5 14. h4 h6
15. e5 Ne8 16. Qe3 Bc6 17. exd6 Nxd6 18. Qe6 Rcf8 19. Qxg6 Bxf3 20. g5 Qf5 21.
h5 Qxg5+ 22. Rd2 Bxh1 23. Qe6 Bxd4 0-1

[Event "Druzynowe Mistrzostwa Polski Juniorow - II Liga"]
[Site "Iwonicz"]
[Date "2016-07-31"]
[Round "9.45"]
[White "Mackowiak, Filip"]
[Black "Kozubek, Krystian"]
[Result "1-0"]
[WhiteTitle "II+"]
[BlackTitle "II"]
[WhiteElo "1428"]
[BlackElo "1136"]

1. e4 e5 2. Nf3 Nc6 3. d4 exd4 4. Bc4 Nf6 5. e5 d5 6. Bb5 Ne4 7. Nxd4 Bc5 8. Nxc6
Bxf2+ 9. Kf1 Qh4 10. Nc3 Ng3+ 11. hxg3 Qxh1+ 12. Kxf2 Qxd1 13. Nxd1 Bd7 14. Nd4
c6 15. Be2 O-O 16. Ne3 Rfe8 17. Nf3 Re7 18. c4 Be6 19. b3 Rd8 20. Bb2 h6 21. Rd1
Red7 22. cxd5 Bxd5 23. Nxd5 Rxd5 24. Rxd5 Rxd5 25. Ke3 Kf8 26. Nd2 Ra5 27. a4
Rd5 28. Bc4 Rd7 29. Ke2 g6 30. Ne4 Kg7 31. e6+ f6 32. exd7 g5 33. d8=Q 1-0

[Event "Druzynowe Mistrzostwa Polski Juniorow - II Liga"]
[Site "Iwonicz"]
[Date "2016-07-31"]
[Round "9.46"]
[White "Gradalski, Olaf"]
[Black "Sulima, Franciszek"]
[Result "1-0"]
[WhiteTitle "II"]
[BlackTitle "II"]
[WhiteElo "1144"]
[BlackElo "1215"]

1. e4 e6 2. d4 d5 3. Nc3 Nf6 4. Bd3 Bb4 5. e5 Nfd7 6. Qg4 g6 7. Bg5 Be7 8. Nf3
c5 9. Bxe7 Qxe7 10. Nb5 O-O 11. Nc7 Nxe5 12. dxe5 Qxc7 13. h4 Nc6 14. Qg5 Qe7
15. Qh6 c4 16. Be2 Qb4+ 17. Kd1 Re8 18. Ng5 Nd8 19. Qxh7+ Kf8 20. Qh8+ Ke7 21.
Qf6+ Kd7 22. Kc1 a6 23. c3 Qe7 24. Nh7 Nc6 25. f4 b5 26. Kc2 Bb7 27. Rhd1 Rh8
28. Qg7 Rag8 29. Nf6+ Kc7 30. Nxg8 Qxh4 31. Qxf7+ 1-0

[Event "Druzynowe Mistrzostwa Polski Juniorow - II Liga"]
[Site "Iwonicz"]
[Date "2016-07-31"]
[Round "9.47"]
[White "Filipska, Maja"]
[Black "Gredka, Dominika"]
[Result "1-0"]
[WhiteTitle "I+"]
[BlackTitle "I++"]
[WhiteElo "1406"]
[BlackElo "1687"]

1. e4 e5 2. d4 exd4 3. Bc4 d6 4. c3 dxc3 5. Nxc3 Nf6 6. e5 Qe7 7. Nf3 dxe5 8. Ng5
Be6 9. Nxe6 fxe6 10. Qb3 c6 11. Bxe6 Na6 12. Bc4 Nc5 13. Qa3 Nce4 14. Nxe4 Nxe4
15. O-O Qxa3 16. bxa3 Bc5 17. Be3 Bxe3 18. fxe3 Nd6 19. Bb3 Rf8 20. Rxf8+ Kxf8
21. Rd1 Ke7 22. Rf1 Rc8 23. Rf3 c5 24. Rg3 g6 25. Rh3 Rh8 26. Bc2 Nf5 27. g4 Nd6
28. Bxg6 h6 29. g5 Nf7 30. gxh6 Rxh6 31. Rxh6 Nxh6 32. h3 b5 33. Kf2 Kf6 34. Bc2
Nf5 35. Kf3 Nd6 36. a4 b4 37. h4 a5 38. Bd1 c4 39. e4 Nb7 40. Ke2 Nc5 41. Ke3
1-0